000 00926cam a22002651 4500
001 10253
003 BD-RjUL
005 20211208234924.0
008 140123s1960 caua b 001 0 eng
035 _a(BD-RjUL)10301
035 _a(OCoLC)547351
040 _aDLC
_cODaWU
_dOClW-H
_dOCoLC
_dUk
_dDLC
_dBD-RjUL
_beng
041 _aeng
082 _a541.396
_bPIH 1960
100 1 _aPimentel, George C.
_931684
245 1 4 _aThe hydrogen bond /
_cGeorge C. Pimentel [and] Aubrey L. McClellan. Drawings by Roger Hayward.
260 _aSan Francisco :
_bW.H. Freeman;
_btrade distributor: Reinhold Pub. Corp., New York,
_cc1960.
300 _axi, 475 p. :
_bill. ;
_c23 cm.
490 0 _aA Series of chemistry books
504 _aIncludes bibliography and index.
650 0 _aHydrogen bonding.
_931685
700 1 _aMcClellan, Aubrey L.
_q(Aubrey Lester),
_d1923-
_ejoint author.
_931686
942 _2ddc
_cBK
999 _c10253
_d10253